[Event "CZE-chT2B 1112"]
[Site "Czech Republic"]
[Date "2012.01.22"]
[Round "6.6"]
[White "Volek, Radomir"]
[Black "Kansky, Pavel"]
[Result "1-0"]
[WhiteElo "2066"]
[BlackElo "2108"]
[PlyCount "53"]
[EventDate "2011.10.09"]
[EventType "team-tourn"]
[EventRounds "11"]
[EventCountry "CZE"]
[SourceTitle "EXT 2013"]
[Source "ChessBase"]
[SourceDate "2012.11.22"]
[SourceVersion "1"]
[SourceVersionDate "2012.11.22"]
[SourceQuality "1"]
[WhiteTeam "Kralupy nad Vltavou"]
[BlackTeam "Decin"]
[WhiteTeamCountry "CZE"]
[BlackTeamCountry "CZE"]

1. e4 g6 2. d4 Bg7 3. Nc3 d6 4. Nf3 Nf6 5. Be2 0-0 6. 0-0 c6 7. h3 Qc7 8. Bf4 Nh5 9. Bh2 e5 10. Qd2 b5 11. g4 exd4 12. Nxd4 b4 13. Nd1 Nf6 14. Bf3 Nbd7 15. Bg2 Ba6 16. Re1 c5 17. Nf5 gxf5 18. Bxd6 Qd8 19. Bxf8 Nxf8 20. Qxd8 Rxd8 21. exf5 Bh6 22. a3 bxa3 23. Rxa3 Bd2 24. Re7 Bb4 25. Ra1 c4 26. Rxa7 Bc8 27. R7a4 1-0

[Event "CZE-chT2B 1112"]
[Site "Czech Republic"]
[Date "2011.12.04"]
[Round "4.6"]
[White "Volek, Radomir"]
[Black "Ruzicka, Vaclav"]
[Result "1/2-1/2"]
[WhiteElo "2066"]
[BlackElo "2065"]
[PlyCount "88"]
[EventDate "2011.10.09"]
[EventType "team-tourn"]
[EventRounds "11"]
[EventCountry "CZE"]
[SourceTitle "EXT 2013"]
[Source "ChessBase"]
[SourceDate "2012.11.22"]
[SourceVersion "1"]
[SourceVersionDate "2012.11.22"]
[SourceQuality "1"]
[WhiteTeam "Kralupy nad Vltavou"]
[BlackTeam "Kladno"]
[WhiteTeamCountry "CZE"]
[BlackTeamCountry "CZE"]

1. e4 c5 2. Nc3 d6 3. f4 Nc6 4. Nf3 g6 5. Bc4 Bg7 6. d3 e6 7. 0-0 Nge7 8. Bb3 0-0 9. Qe1 Nd4 10. Nxd4 cxd4 11. Ne2 Qb6 12. Kh1 Bd7 13. Ng1 a5 14. a4 Rad8 15. Nf3 h6 16. Bd2 Nc6 17. Qg3 Kh7 18. Nh4 Ne7 19. Rae1 Qc5 20. Qh3 f5 21. Qg3 e5 22. exf5 Bxf5 23. Nxf5 Nxf5 24. Qh3 Qc6 25. fxe5 dxe5 26. Bxa5 Ne3 27. Rf3 g5 28. Qg3 Rf4 29. Rxf4 exf4 30. Qf3 Qd6 31. Qxb7 g4 32. Bb4 Qf6 33. Qf7 Qxf7 34. Bxf7 Ra8 35. Bb3 f3 36. gxf3 gxf3 37. Kg1 Bf6 38. Bd6 Bh4 39. Bg3 Bxg3 40. hxg3 Rf8 41. Rf1 Nxf1 42. Kxf1 Kg6 43. Kf2 Kg5 44. Bd5 Rc8 1/2-1/2

[Event "Jirasek Memorial op 23rd"]
[Site "Rakovnik"]
[Date "2011.08.07"]
[Round "2"]
[White "Vlacil, Vladimir"]
[Black "Volek, Radomir"]
[Result "1-0"]
[WhiteElo "2015"]
[BlackElo "2084"]
[PlyCount "41"]
[EventDate "2011.08.06"]
[EventType "swiss"]
[EventRounds "9"]
[EventCountry "CZE"]
[SourceTitle "CBM 143 Extra"]
[Source "ChessBase"]
[SourceDate "2011.08.29"]
[SourceVersion "1"]
[SourceVersionDate "2011.08.29"]
[SourceQuality "1"]

1. e4 e6 2. d4 d5 3. Nd2 Nf6 4. e5 Nfd7 5. Bd3 c5 6. c3 Nc6 7. Ne2 Qb6 8. Nf3 cxd4 9. cxd4 f6 10. exf6 Nxf6 11. 0-0 Bd6 12. Nc3 Bd7 13. Re1 0-0 14. a3 Rac8 15. Be3 Ng4 16. Bxh7+ Kh8 17. Bc2 Nxe3 18. Rxe3 Ne7 19. Ne5 Bxe5 20. Qh5+ Kg8 21. Bh7+ 1-0